| 000 | 00407nam a2200169Ia 4500 | ||
|---|---|---|---|
| 008 | 230718s9999 xx 000 0 und d | ||
| 041 | _aeng | ||
| 082 |
_a658 _bROB |
||
| 100 | _aRobbins S.P. | ||
| 245 | _aOrganizational Behavior | ||
| 250 | _a10th | ||
| 260 |
_c2005 _bPearson |
||
| 300 | _a674 | ||
| 365 |
_cRs. _b350.00 |
||
| 700 | _aRobbins S.P. | ||
| 906 |
_dB:6347/20/10/0413-Oct-2005 _cINST _b70 |
||
| 999 |
_c308835 _d308835 |
||